000 00594nam a2200205Ia 4500
003 GCL
008 140319s9999 xx 000 0 ara d
040 _aGCL /
_cGCL
082 0 4 _a810.2
_bك م
100 1 _aكريم عاصى
245 1 0 _aالمقتطف من كل فن مختلف /
_cكريم عاصى
260 _a[S.N] :
_bدار الفكر اللبنانى ،
_c1992
300 _a208 ص
490 _a
650 0 4 _aالشعر العربى
650 0 4 _aالادب العربى
650 0 4 _aالعصر الحديث
650 0 4 _aالنوادرالعربية
942 _2ddc
_cBK
999 _c54117
_d54117